Émission TV enquêteur Mask singer France mort subite - Statistiques

Statistiques générales
  • Ce quiz a été pris 174 fois
  • Le résultat moyen est 8 sur 12
Answers on the Grid
Answers color-coded by a green-red scale on the quiz's grid according to % correct below.
Kev Adams
Ninho
Jul
Jarry
Cartman
Arthur
Anggun
Foresti
Panacloc
Combal
Artus
Ladesou
Ruquier
Boccolini
Mbappe
Vitaa
Gims
Aliagas
Tsamere
Frégé
Boon
Bernier
Zidane
Poux
Parker
Soprano
Reg
Minne
Antoine
Sublet
 
Statistiques - réponses
Réponse % Correct
Kev Adams
98%
Jarry
89%
Anggun
79%
Panacloc
76%
Ladesou
73%
Ruquier
72%
Reg
69%
Poux
64%
Sublet
64%
Bernier
52%
Frégé
51%
Vitaa
46%
Aucun quiz correspondant
Distribution des résultats
% des personnes avec chaque résultat
Percentile par nombre de réponses
Votre historique - résultats
Vous n’avez pas pris ce quiz